<?xml version="1.0" encoding="UTF-8"?>
<record
    xmlns:xsi="http://www.w3.org/2001/XMLSchema-instance"
    xsi:schemaLocation="http://www.loc.gov/MARC21/slim http://www.loc.gov/standards/marcxml/schema/MARC21slim.xsd"
    xmlns="http://www.loc.gov/MARC21/slim">

  <leader>01555njm a22003137a 4500</leader>
  <controlfield tag="005">20100915101217.0</controlfield>
  <controlfield tag="007">sd ammalaaahaa</controlfield>
  <controlfield tag="008">100915t        xxu||||| |||| 00| 0 hin d</controlfield>
  <datafield tag="028" ind1=" " ind2=" ">
    <subfield code="a">7EPE 11030</subfield>
    <subfield code="b">His Master's Voice</subfield>
  </datafield>
  <datafield tag="035" ind1=" " ind2=" ">
    <subfield code="a">GR-02614</subfield>
  </datafield>
  <datafield tag="040" ind1=" " ind2=" ">
    <subfield code="a">SED/VEN</subfield>
  </datafield>
  <datafield tag="100" ind1=" " ind2=" ">
    <subfield code="a">Kalle, Krishna</subfield>
    <subfield code="9">1184</subfield>
  </datafield>
  <datafield tag="245" ind1=" " ind2=" ">
    <subfield code="a">Charhi jawani budhe nu /</subfield>
    <subfield code="c">by Krishna Kalle ; music by Ravindra Jain ; lyric by S. P. Bakshi</subfield>
    <subfield code="h">[sound recording] :</subfield>
  </datafield>
  <datafield tag="246" ind1=" " ind2=" ">
    <subfield code="a">&#x91A;&#x922;&#x93C;&#x940; &#x91C;&#x935;&#x93E;&#x928;&#x940; &#x92C;&#x942;&#x922;&#x93C;&#x947; &#x928;&#x941; (&#x915;&#x943;&#x937;&#x94D;&#x923;&#x93E; &#x915;&#x93E;&#x932;&#x94D;&#x932;&#x947;)</subfield>
  </datafield>
  <datafield tag="260" ind1=" " ind2=" ">
    <subfield code="a">Dum Dum India</subfield>
    <subfield code="b">His Master's Voice</subfield>
    <subfield code="c">1976</subfield>
  </datafield>
  <datafield tag="300" ind1=" " ind2=" ">
    <subfield code="a">1 sound disc [Gramophone record] :</subfield>
    <subfield code="b">analog, 45  3/1 rpm</subfield>
    <subfield code="c">7 in.</subfield>
    <subfield code="f">Gramophone Record</subfield>
  </datafield>
  <datafield tag="500" ind1=" " ind2=" ">
    <subfield code="a">Brief Record</subfield>
  </datafield>
  <datafield tag="500" ind1=" " ind2=" ">
    <subfield code="a">His Master's Voice</subfield>
  </datafield>
  <datafield tag="500" ind1=" " ind2=" ">
    <subfield code="a">Orange</subfield>
  </datafield>
  <datafield tag="500" ind1=" " ind2=" ">
    <subfield code="a">Extended  Play</subfield>
  </datafield>
  <datafield tag="505" ind1=" " ind2=" ">
    <subfield code="a">Budhe nu chrahi jawani part 1 (Charhi jawani budhe nu) (Krishna Kalle) &#x92C;&#x942;&#x922;&#x93C;&#x947; &#x928;&#x941; &#x91A;&#x922;&#x93C;&#x940; &#x91C;&#x935;&#x93E;&#x928;&#x940; &#x92A;&#x93E;&#x930;&#x94D;&#x91F; &#x967; (&#x91A;&#x922;&#x93C;&#x940; &#x91C;&#x935;&#x93E;&#x928;&#x940; &#x92C;&#x941;&#x922;&#x93C;&#x935; &#x928;&#x941; ) (&#x915;&#x943;&#x937;&#x94D;&#x923; &#x915;&#x93E;&#x932;&#x94D;&#x932;&#x947; ) Bahr tusa kanjri rakhi part 2 (Charhi jawani budhe nu) Krishna Kalle) &#x92C;&#x93E;&#x939;&#x930; &#x924;&#x941;&#x938;&#x93E; &#x915;&#x902;&#x91C;&#x930;&#x940;  &#x930;&#x93E;&#x916;&#x940;  &#x92A;&#x93E;&#x930;&#x94D;&#x91F; &#x968; (&#x91A;&#x922;&#x93C;&#x940; &#x91C;&#x935;&#x93E;&#x928;&#x940;  &#x92C;&#x942;&#x922;&#x93C;&#x947; &#x928;&#x941; ) (&#x915;&#x943;&#x937;&#x94D;&#x923; &#x915;&#x93E;&#x932;&#x94D;&#x932;&#x947; )</subfield>
  </datafield>
  <datafield tag="650" ind1=" " ind2=" ">
    <subfield code="2">Punjabi Song</subfield>
    <subfield code="x">Excerpts</subfield>
    <subfield code="z">India</subfield>
    <subfield code="9">20098</subfield>
  </datafield>
  <datafield tag="700" ind1=" " ind2=" ">
    <subfield code="a">Jain, Ravindra</subfield>
    <subfield code="9">20099</subfield>
  </datafield>
  <datafield tag="700" ind1=" " ind2=" ">
    <subfield code="9">20100</subfield>
    <subfield code="a">Bakshi, S. P.</subfield>
  </datafield>
  <datafield tag="700" ind1=" " ind2=" ">
    <subfield code="9">20126</subfield>
  </datafield>
  <datafield tag="700" ind1=" " ind2=" ">
    <subfield code="9">20127</subfield>
  </datafield>
  <datafield tag="942" ind1=" " ind2=" ">
    <subfield code="2">ddc</subfield>
    <subfield code="c">GR</subfield>
  </datafield>
  <datafield tag="999" ind1=" " ind2=" ">
    <subfield code="c">45941</subfield>
    <subfield code="d">45941</subfield>
  </datafield>
  <datafield tag="952" ind1=" " ind2=" ">
    <subfield code="0">0</subfield>
    <subfield code="1">0</subfield>
    <subfield code="2">ddc</subfield>
    <subfield code="4">0</subfield>
    <subfield code="7">1</subfield>
    <subfield code="8">NFIC</subfield>
    <subfield code="a">L</subfield>
    <subfield code="b">L</subfield>
    <subfield code="d">2010-09-15</subfield>
    <subfield code="l">0</subfield>
    <subfield code="p">GR-02614</subfield>
    <subfield code="r">2010-09-15 00:00:00</subfield>
    <subfield code="w">2010-09-15</subfield>
    <subfield code="y">GR</subfield>
  </datafield>
</record>
